000 00755cam a22002533a 4500
001 1976
003 PGUSA
005 20140828083009.0
008 991101s1999||||xxu|||||s|||||000 1 eng d
040 _aPGUSA
_beng
042 _adc
050 4 _aPR
100 1 _aOppenheim, E. Phillips
_q(Edward Phillips),
_d1866-1946
245 1 0 _aPeter Ruff and the Double Four
_h[electronic resource] /
_cE. Phillips Oppenheim
260 _bProject Gutenberg,
_c1999
506 _aPublic domain in the USA.
516 _aElectronic text
653 _aDetective and mystery stories
653 _aSecret societies -- Fiction
653 _aAdventure stories
830 0 _aProject Gutenberg
_v1976
856 4 0 _uhttp://www.gutenberg.org/ebooks/1976
942 _cEB
999 _c231317
_d231317